[Event "29. Cullera 2012 - Open B"]
[Site "Cullera ESP"]
[Date "2012.08.29"]
[Round "6.5"]
[White "Leon Colan, Carlos Edmundo"]
[Black "Bas Mas, Miguel"]
[Result "1/2-1/2"]
[WhiteElo "2021"]
[BlackElo "1925"]
[PlyCount "53"]
[EventDate "2012.08.25"]
[EventType "swiss"]
[EventRounds "9"]
[EventCountry "ESP"]
[Source "lmi"]
[SourceDate "2012.08.25"]

1. d4 Nf6 2. c4 g6 3. Nc3 d5 4. e3 Bg7 5. Nf3 O-O 6. a3 c6 7. c5 Nbd7 8. b4 Qc7
9. Bd2 e5 10. Be2 Ne4 11. h3 exd4 12. exd4 Nxd2 13. Qxd2 Nf6 14. O-O Nh5 15.
Rfe1 Nf4 16. Bf1 Bh6 17. Qd1 Bd7 18. Ne5 Rae8 19. Ne2 f6 20. Nf3 Nxe2+ 21. Rxe2
Rxe2 22. Bxe2 Re8 23. Ra2 Qf4 24. Bd3 Qc1 25. Qxc1 Bxc1 26. Kf1 Bf4 27. a4
1/2-1/2

[Event "29. Cullera 2012 - Open B"]
[Site "Cullera ESP"]
[Date "2012.08.29"]
[Round "6.8"]
[White "Monera Puente, Cesar"]
[Black "Vera Juan, Andreu"]
[Result "1/2-1/2"]
[WhiteElo "1989"]
[BlackElo "1762"]
[PlyCount "36"]
[EventDate "2012.08.25"]
[EventType "swiss"]
[EventRounds "9"]
[EventCountry "ESP"]
[Source "lmi"]
[SourceDate "2012.08.25"]

1. e4 c5 2. f4 e6 3. Nf3 g6 4. g3 Bg7 5. Bg2 Ne7 6. d3 Nbc6 7. O-O O-O 8. Nc3
d5 9. Kh1 b6 10. Rb1 a6 11. a3 Qc7 12. Ng5 d4 13. Ne2 f5 14. e5 h6 15. Nf3 Bb7
16. Neg1 Nd5 17. Nh4 Nce7 18. Qe2 Rac8 1/2-1/2

[Event "29. Cullera 2012 - Open B"]
[Site "Cullera ESP"]
[Date "2012.08.29"]
[Round "6.14"]
[White "Carcel Valero, Juan Antonio"]
[Black "Lledo Moll, Carles"]
[Result "0-1"]
[WhiteElo "1947"]
[BlackElo "1544"]
[PlyCount "43"]
[EventDate "2012.08.25"]
[EventType "swiss"]
[EventRounds "9"]
[EventCountry "ESP"]
[Source "lmi"]
[SourceDate "2012.08.25"]

1. e4 e5 2. Nf3 Nc6 3. Bb5 a6 4. Ba4 Be7 5. O-O Nf6 6. Re1 b5 7. Bb3 O-O 8. d4
exd4 9. e5 Ne8 10. Bd5 Bb7 11. Nxd4 Nxd4 12. Bxb7 Rb8 13. Be4 Ne6 14. a4 Nc5
15. axb5 Nxe4 16. Rxe4 axb5 17. Nc3 c6 18. Bf4 Rb7 19. Rd4 Qc8 20. Ne4 f5 21.
Bg5 Bxg5 22. Nxg5 0-1

[Event "29. Cullera 2012 - Open B"]
[Site "Cullera ESP"]
[Date "2012.08.29"]
[Round "6.15"]
[White "Albert Garrote, Amadeo"]
[Black "Lucas Leon, Angel"]
[Result "1-0"]
[WhiteElo "1906"]
[BlackElo "1514"]
[PlyCount "75"]
[EventDate "2012.08.25"]
[EventType "swiss"]
[EventRounds "9"]
[EventCountry "ESP"]
[Source "lmi"]
[SourceDate "2012.08.25"]

1. d4 d5 2. c3 Nf6 3. Bg5 Bf5 4. Nf3 e6 5. Qb3 Qc8 6. Bxf6 gxf6 7. Nbd2 Nd7 8.
Nh4 Bg6 9. f3 f5 10. Nxg6 fxg6 11. e4 Nf6 12. exf5 gxf5 13. O-O-O Be7 14. Re1
c6 15. Bd3 Qc7 16. Rxe6 O-O-O 17. Rhe1 Rde8 18. a4 Bd6 19. h3 Bf4 20. Qc2 Bg5
21. Kb1 Rxe6 22. Rxe6 Re8 23. Rxe8+ Nxe8 24. Bxf5+ Kb8 25. Bd3 Nd6 26. Nb3 Qe7
27. a5 Qe1+ 28. Ka2 Qe7 29. Nc5 Qc7 30. Qa4 Bh6 31. Qb4 Ka8 32. Na4 Bg5 33. Nc5
Be7 34. Qa4 Kb8 35. b4 a6 36. Bxa6 Bd8 37. Bxb7 Nxb7 38. Na6+ 1-0

[Event "29. Cullera 2012 - Open B"]
[Site "Cullera ESP"]
[Date "2012.08.29"]
[Round "6.17"]
[White "Pino Fernandez, David"]
[Black "Fenollar Baenas, Nahim"]
[Result "1-0"]
[WhiteElo "1786"]
[BlackElo "1632"]
[PlyCount "37"]
[EventDate "2012.08.25"]
[EventType "swiss"]
[EventRounds "9"]
[EventCountry "ESP"]
[Source "lmi"]
[SourceDate "2012.08.25"]

1. d4 c5 2. dxc5 e5 3. Nc3 Bxc5 4. Nf3 Nf6 5. Nxe5 O-O 6. Nd3 Bb6 7. Bg5 h6 8.
Bh4 Ba5 9. b4 Bb6 10. e3 g5 11. Bg3 d5 12. Na4 d4 13. Nxb6 Qxb6 14. exd4 Re8+
15. Be2 Ne4 16. Ne5 Nc3 17. Qd3 Nxe2 18. Kxe2 f6 19. Qg6+ 1-0

[Event "29. Cullera 2012 - Open B"]
[Site "Cullera ESP"]
[Date "2012.08.29"]
[Round "6.19"]
[White "Castilla Arteaga, Carlos David"]
[Black "Benavent Benavent, Jose"]
[Result "1-0"]
[WhiteElo "1772"]
[BlackElo "1592"]
[PlyCount "61"]
[EventDate "2012.08.25"]
[EventType "swiss"]
[EventRounds "9"]
[EventCountry "ESP"]
[Source "lmi"]
[SourceDate "2012.08.25"]

1. e4 c5 2. Nf3 d6 3. d4 cxd4 4. Nxd4 a6 5. Nc3 Nf6 6. Bg5 e6 7. Qd2 Be7 8. Be2
Qc7 9. O-O O-O 10. Bf3 Nc6 11. Nxc6 bxc6 12. Rad1 Rd8 13. Rfe1 e5 14. a4 Rb8
15. b3 Bb7 16. a5 d5 17. Bxf6 Bxf6 18. exd5 Rd6 19. Ne4 Rd7 20. Nxf6+ gxf6 21.
d6 Qd8 22. Bg4 c5 23. Bxd7 Qxd7 24. Qh6 Qg4 25. Qh3 Qg5 26. Re3 Kh8 27. Rg3 Qf4
28. Qg4 Qh6 29. Rh3 Qg6 30. Qxg6 fxg6 31. Rc3 1-0

[Event "29. Cullera 2012 - Open B"]
[Site "Cullera ESP"]
[Date "2012.08.29"]
[Round "6.20"]
[White "Galiana Fernandez, Adrian"]
[Black "Marco Catala, Juan Bautista"]
[Result "0-1"]
[WhiteElo "1497"]
[BlackElo "1770"]
[PlyCount "42"]
[EventDate "2012.08.25"]
[EventType "swiss"]
[EventRounds "9"]
[EventCountry "ESP"]
[Source "lmi"]
[SourceDate "2012.08.25"]

1. e4 g6 2. d4 Bg7 3. Be3 d6 4. Nc3 Nf6 5. f3 c6 6. Nge2 b5 7. a3 Nbd7 8. Qd2
Qa5 9. b4 Qc7 10. Bh6 Bxh6 11. Qxh6 a5 12. Rb1 axb4 13. axb4 Ra3 14. Kd2 Qa7
15. g4 Nb6 16. Nf4 Nc4+ 17. Kd3 e5 18. Nfe2 exd4 19. Rb3 Ne5+ 20. Kd2 Nxf3+ 21.
Kc1 dxc3 0-1

[Event "29. Cullera 2012 - Open B"]
[Site "Cullera ESP"]
[Date "2012.08.29"]
[Round "6.27"]
[White "Folch Fuentes, Eva"]
[Black "Martinez Miura, Enrique"]
[Result "1-0"]
[WhiteElo "1665"]
[BlackElo "1713"]
[PlyCount "25"]
[EventDate "2012.08.25"]
[EventType "swiss"]
[EventRounds "9"]
[EventCountry "ESP"]
[Source "lmi"]
[SourceDate "2012.08.25"]

1. e4 e6 2. d3 d5 3. Nd2 dxe4 4. dxe4 e5 5. Ngf3 Nd7 6. Nc4 Qe7 7. Bd3 h6 8. b3
c6 9. Bb2 f6 10. Nh4 Qf7 11. Nf5 Qe6 12. Ncd6+ Kd8 13. Bc4 1-0

[Event "29. Cullera 2012 - Open B"]
[Site "Cullera ESP"]
[Date "2012.08.29"]
[Round "7.1"]
[White "Fernandez Seco, Julian"]
[Black "Lara Granero, Bio"]
[Result "1/2-1/2"]
[WhiteElo "2017"]
[BlackElo "2045"]
[PlyCount "43"]
[EventDate "2012.08.25"]
[EventType "swiss"]
[EventRounds "9"]
[EventCountry "ESP"]
[Source "lmi"]
[SourceDate "2012.08.25"]

1. e4 c5 2. Nf3 Nc6 3. Nc3 d6 4. d4 cxd4 5. Nxd4 e5 6. Nb3 Nf6 7. Be2 h6 8. Be3
a6 9. f3 b5 10. a4 b4 11. Nd5 Nxd5 12. exd5 Na5 13. Nxa5 Qxa5 14. O-O Bb7 15.
Bc4 Be7 16. Qd2 O-O 17. b3 f5 18. f4 e4 19. Qf2 Qd8 20. a5 Bf6 21. Ra4 Bc3 22.
h3 1/2-1/2

[Event "29. Cullera 2012 - Open B"]
[Site "Cullera ESP"]
[Date "2012.08.29"]
[Round "7.2"]
[White "Gonzalez Berruga, Ana Isabel"]
[Black "Roca Cruz, Rafael"]
[Result "1-0"]
[WhiteElo "2003"]
[BlackElo "2029"]
[PlyCount "45"]
[EventDate "2012.08.25"]
[EventType "swiss"]
[EventRounds "9"]
[EventCountry "ESP"]
[Source "lmi"]
[SourceDate "2012.08.25"]

1. d4 d5 2. c4 c6 3. Nf3 e6 4. e3 Nf6 5. Nc3 Nbd7 6. Qc2 Be7 7. Bd2 O-O 8. Bd3
dxc4 9. Bxc4 b5 10. Bd3 Re8 11. Ne5 Bb7 12. Ne4 Nxe4 13. Bxe4 Nxe5 14. Bxh7+
Kh8 15. dxe5 g6 16. Bxg6 fxg6 17. Qxg6 Bf8 18. h4 Qd5 19. e4 Qd4 20. Rh3 c5 21.
Qh5+ Kg8 22. Rg3+ Bg7 23. Rxg7+ 1-0

[Event "29. Cullera 2012 - Open B"]
[Site "Cullera ESP"]
[Date "2012.08.29"]
[Round "7.3"]
[White "Cebolla Moll, Ricardo"]
[Black "Santandreu Gregori, David"]
[Result "1-0"]
[WhiteElo "2038"]
[BlackElo "1890"]
[PlyCount "67"]
[EventDate "2012.08.25"]
[EventType "swiss"]
[EventRounds "9"]
[EventCountry "ESP"]
[Source "lmi"]
[SourceDate "2012.08.25"]

1. f4 Nf6 2. Nf3 g6 3. e3 Bg7 4. Be2 d6 5. O-O O-O 6. Nc3 Bf5 7. Nh4 Bd7 8. g4
e5 9. g5 Ne8 10. d4 exd4 11. exd4 Nc6 12. Be3 Bh3 13. Rf3 Bg4 14. Rg3 Bxe2 15.
Nxe2 f5 16. d5 Ne7 17. Bd4 c5 18. dxc6 bxc6 19. Rb3 Qd7 20. Qd2 Bxd4+ 21. Qxd4
Ng7 22. Rd1 Rfd8 23. Rbd3 d5 24. c4 Ne6 25. Qe3 Rac8 26. Nf3 Qd6 27. b4 a6 28.
a3 Nc7 29. Ne5 Re8 30. c5 Qd8 31. Nd4 Kf8 32. Qh3 Kg8 33. Qh6 Nb5 34. Ne6 1-0

[Event "29. Cullera 2012 - Open B"]
[Site "Cullera ESP"]
[Date "2012.08.29"]
[Round "7.4"]
[White "Perez Garcia, Jose Miguel"]
[Black "De La Calle Llopis, Juan"]
[Result "1/2-1/2"]
[WhiteElo "1967"]
[BlackElo "2010"]
[PlyCount "29"]
[EventDate "2012.08.25"]
[EventType "swiss"]
[EventRounds "9"]
[EventCountry "ESP"]
[Source "lmi"]
[SourceDate "2012.08.25"]

1. d4 Nf6 2. Nf3 d6 3. c4 Nbd7 4. Nc3 e5 5. e4 g6 6. Be2 Bg7 7. O-O O-O 8. d5
Nc5 9. Bg5 a5 10. Nd2 h6 11. Bh4 Bd7 12. b3 g5 13. Bg3 Qc8 14. a3 Bg4 15. f3
1/2-1/2

[Event "29. Cullera 2012 - Open B"]
[Site "Cullera ESP"]
[Date "2012.08.29"]
[Round "7.5"]
[White "Goria Egidazu, Jon Axel"]
[Black "Ortega Gadea, Santiago"]
[Result "1/2-1/2"]
[WhiteElo "1908"]
[BlackElo "2047"]
[PlyCount "55"]
[EventDate "2012.08.25"]
[EventType "swiss"]
[EventRounds "9"]
[EventCountry "ESP"]
[Source "lmi"]
[SourceDate "2012.08.25"]

1. e4 g6 2. d4 Bg7 3. Nf3 d6 4. Nc3 Nf6 5. Be2 O-O 6. O-O e5 7. dxe5 dxe5 8.
Qxd8 Rxd8 9. Bg5 Re8 10. Rad1 a6 11. Bc4 Nbd7 12. h3 Nb6 13. Bb3 Bd7 14. Nd2
Bc6 15. f3 Nfd7 16. Nc4 Bf8 17. Na5 Kg7 18. Nxc6 bxc6 19. Na4 Nc5 20. Nxc5
Bxc5+ 21. Kh1 f6 22. Bh4 Rad8 23. g4 Rd6 24. Rxd6 cxd6 25. Rd1 Rd8 26. Be1 d5
27. exd5 cxd5 28. Ba5 1/2-1/2

[Event "29. Cullera 2012 - Open B"]
[Site "Cullera ESP"]
[Date "2012.08.29"]
[Round "7.9"]
[White "Romero Calduch, Sergio"]
[Black "Ull Molina, Cristian"]
[Result "1/2-1/2"]
[WhiteElo "1972"]
[BlackElo "1857"]
[PlyCount "56"]
[EventDate "2012.08.25"]
[EventType "swiss"]
[EventRounds "9"]
[EventCountry "ESP"]
[Source "lmi"]
[SourceDate "2012.08.25"]

1. d4 Nf6 2. c4 g6 3. Nc3 Bg7 4. e4 d6 5. f4 O-O 6. Nf3 Nbd7 7. Be2 e5 8. fxe5
dxe5 9. d5 Nc5 10. Qc2 Nh5 11. b4 Na6 12. b5 Nc5 13. Ba3 b6 14. Na4 Qe7 15.
Nxc5 bxc5 16. O-O f5 17. Bd3 Nf4 18. Rae1 a6 19. Bc1 Nxd3 20. Qxd3 axb5 21.
cxb5 Qd6 22. Nd2 Rxa2 23. Nc4 Qd7 24. Na3 fxe4 25. Rxf8+ Bxf8 26. Qc4 Rxg2+ 27.
Kxg2 Qg4+ 28. Kh1 Qf3+ 1/2-1/2

[Event "29. Cullera 2012 - Open B"]
[Site "Cullera ESP"]
[Date "2012.08.29"]
[Round "7.11"]
[White "Lledo Moll, Carles"]
[Black "Albo Ruiz, Jose Martin"]
[Result "0-1"]
[WhiteElo "1544"]
[BlackElo "1917"]
[PlyCount "52"]
[EventDate "2012.08.25"]
[EventType "swiss"]
[EventRounds "9"]
[EventCountry "ESP"]
[Source "lmi"]
[SourceDate "2012.08.25"]

1. d4 Nf6 2. c4 c5 3. d5 e6 4. Nc3 exd5 5. cxd5 d6 6. e4 g6 7. h3 Bg7 8. f4 O-O
9. Nf3 Nxe4 10. Nxe4 Re8 11. Bd3 f5 12. Qc2 fxe4 13. Bxe4 Bf5 14. Nd2 Qe7 15.
O-O Bd4+ 16. Kh2 Bxe4 17. Qb3 Bf5 18. Nf3 Na6 19. Re1 Qc7 20. Rxe8+ Rxe8 21.
Nxd4 cxd4 22. Qa4 Re1 23. b3 Bd7 24. Qc4 Qxc4 25. bxc4 d3 26. Kg3 d2 0-1

[Event "29. Cullera 2012 - Open B"]
[Site "Cullera ESP"]
[Date "2012.08.30"]
[Round "8.1"]
[White "Lara Granero, Bio"]
[Black "Cebolla Moll, Ricardo"]
[Result "0-1"]
[WhiteElo "2045"]
[BlackElo "2038"]
[PlyCount "60"]
[EventDate "2012.08.25"]
[EventType "swiss"]
[EventRounds "9"]
[EventCountry "ESP"]
[Source "lmi"]
[SourceDate "2012.08.25"]

1. e4 d5 2. exd5 Qxd5 3. Nc3 Qd6 4. d4 Nf6 5. Nf3 c6 6. Ne5 Nbd7 7. Nc4 Qc7 8.
Bg5 b5 9. Ne3 Qa5 10. Bf4 b4 11. Ne2 Ba6 12. Nc1 Bxf1 13. Kxf1 Nd5 14. Bg3 e6
15. Nc4 Qd8 16. Nd3 Be7 17. Nd6+ Bxd6 18. Bxd6 Qf6 19. Qe1 Qxd4 20. Bxb4 c5 21.
Ba3 O-O 22. Qe2 Rfc8 23. Rd1 Qa4 24. Qe1 Qxc2 25. Kg1 c4 26. Rd2 Qa4 27. Ne5
Nxe5 28. Qxe5 c3 29. Rd1 c2 30. g3 cxd1=Q+ 0-1

[Event "29. Cullera 2012 - Open B"]
[Site "Cullera ESP"]
[Date "2012.08.30"]
[Round "8.2"]
[White "Gonzalez Berruga, Ana Isabel"]
[Black "Fernandez Seco, Julian"]
[Result "1/2-1/2"]
[WhiteElo "2003"]
[BlackElo "2017"]
[PlyCount "52"]
[EventDate "2012.08.25"]
[EventType "swiss"]
[EventRounds "9"]
[EventCountry "ESP"]
[Source "lmi"]
[SourceDate "2012.08.25"]

1. d4 Nf6 2. c4 g6 3. Nc3 Bg7 4. e4 d6 5. f3 O-O 6. Bg5 c6 7. Qd2 a6 8. h4 Nbd7
9. g4 b5 10. h5 Rb8 11. cxb5 axb5 12. Be2 Qa5 13. hxg6 fxg6 14. Nh3 Ba6 15. O-O
b4 16. Nd1 Bxe2 17. Qxe2 Qb5 18. Qxb5 Rxb5 19. a4 bxa3 20. Rxa3 Rfb8 21. Be3 c5
22. Nf4 Kf7 23. Ne2 Rb3 24. Ra5 cxd4 25. Bxd4 e5 26. Bc3 Bh6 1/2-1/2

[Event "29. Cullera 2012 - Open B"]
[Site "Cullera ESP"]
[Date "2012.08.30"]
[Round "8.3"]
[White "Martinez Hernandez, Javier"]
[Black "Alcaraz Carcel, Antonio"]
[Result "1-0"]
[WhiteElo "1963"]
[BlackElo "2041"]
[PlyCount "77"]
[EventDate "2012.08.25"]
[EventType "swiss"]
[EventRounds "9"]
[EventCountry "ESP"]
[Source "lmi"]
[SourceDate "2012.08.25"]

1. e4 d5 2. Nc3 dxe4 3. Nxe4 Qd5 4. Qe2 Nc6 5. Nf3 Bg4 6. c3 O-O-O 7. h3 Bh5 8.
Qc4 Bxf3 9. Qxd5 Rxd5 10. gxf3 Ne5 11. f4 Ng6 12. d4 e6 13. h4 Rh5 14. f5 Rxf5
15. h5 N6e7 16. b4 Rd5 17. Bg2 Rd8 18. Bg5 h6 19. Bh4 b6 20. a4 f5 21. Nd2 Nf6
22. a5 b5 23. O-O-O Ned5 24. Kc2 Bd6 25. Bxd5 exd5 26. Bxf6 gxf6 27. Rhg1 Rhg8
28. Nf3 Rdf8 29. Rg6 Bf4 30. Nh4 Kd7 31. Nxf5 Rxg6 32. hxg6 Ke6 33. Ng7+ Kd7
34. Nh5 Bg5 35. f4 Bh4 36. Rh1 Rg8 37. g7 Ke6 38. Rxh4 Kf5 39. Kd3 1-0

[Event "29. Cullera 2012 - Open B"]
[Site "Cullera ESP"]
[Date "2012.08.30"]
[Round "8.4"]
[White "Albo Ruiz, Jose Martin"]
[Black "Leon Colan, Carlos Edmundo"]
[Result "0-1"]
[WhiteElo "1917"]
[BlackElo "2021"]
[PlyCount "55"]
[EventDate "2012.08.25"]
[EventType "swiss"]
[EventRounds "9"]
[EventCountry "ESP"]
[Source "lmi"]
[SourceDate "2012.08.25"]

1. e4 c5 2. Nf3 Nc6 3. d4 cxd4 4. Nxd4 e5 5. Nb5 d6 6. c4 a6 7. N5a3 f5 8. exf5
Bxf5 9. Be3 Nf6 10. Nc3 Ng4 11. Qf3 Nxe3 12. fxe3 Qg5 13. Be2 Be7 14. h4 Qg6
15. h5 Qg5 16. g4 Be6 17. Ne4 Qh6 18. g5 Bxg5 19. Nxd6+ Ke7 20. Nxb7 Rac8 21.
Nc2 Rhf8 22. Qg3 Bf5 23. Rc1 Bf6 24. e4 Be6 25. Qa3+ Kf7 26. Nd6+ Kg8 27. Nxc8
Bxc8 28. Qe3 0-1

[Event "29. Cullera 2012 - Open B"]
[Site "Cullera ESP"]
[Date "2012.08.30"]
[Round "8.5"]
[White "De La Calle Llopis, Juan"]
[Black "Bas Mas, Miguel"]
[Result "1-0"]
[WhiteElo "2010"]
[BlackElo "1925"]
[PlyCount "67"]
[EventDate "2012.08.25"]
[EventType "swiss"]
[EventRounds "9"]
[EventCountry "ESP"]
[Source "lmi"]
[SourceDate "2012.08.25"]

1. d4 Nf6 2. c4 g6 3. Nc3 d5 4. Bf4 Bg7 5. e3 O-O 6. Nf3 b6 7. cxd5 Nxd5 8.
Nxd5 Qxd5 9. Bxc7 Nc6 10. Be2 Bf5 11. O-O Rac8 12. Bg3 Nb4 13. Qa4 a5 14. Qb5
Qb7 15. Ne5 Bxe5 16. Qxe5 Rc2 17. Bf3 Qd7 18. d5 Rc4 19. d6 exd6 20. Qxd6 Qxd6
21. Bxd6 Rd8 22. Be5 Rc2 23. Bd4 Rd6 24. a3 Nd3 25. Rab1 Nxf2 26. Rbc1 Rxc1 27.
Rxc1 Nd3 28. Rc7 Ne1 29. Bd1 Kf8 30. g4 Be4 31. Rc8+ Ke7 32. Rb8 Bf3 33. Ba4
Bxg4 34. Re8# 1-0

[Event "29. Cullera 2012 - Open B"]
[Site "Cullera ESP"]
[Date "2012.08.30"]
[Round "8.6"]
[White "Harutyunyan, Tigran"]
[Black "Basilio Rodriguez, Jose Manuel"]
[Result "0-1"]
[WhiteElo "1885"]
[BlackElo "2002"]
[PlyCount "80"]
[EventDate "2012.08.25"]
[EventType "swiss"]
[EventRounds "9"]
[EventCountry "ESP"]
[Source "lmi"]
[SourceDate "2012.08.25"]

1. d4 Nf6 2. c4 e6 3. Nc3 Bb4 4. a3 Bxc3+ 5. bxc3 Ne4 6. Qc2 f5 7. g3 b6 8. Bg2
Bb7 9. Nf3 Nf6 10. O-O O-O 11. a4 d6 12. a5 Qc8 13. Nd2 Bxg2 14. Kxg2 bxa5 15.
Rxa5 Nc6 16. Ra1 Ne7 17. Ba3 Qe8 18. f3 f4 19. g4 h5 20. h3 Qc6 21. Kf2 hxg4
22. hxg4 Kf7 23. e4 fxe3+ 24. Kxe3 Rh8 25. Bb4 Rh3 26. Rg1 g5 27. Qa4 Qxa4 28.
Rxa4 Ng6 29. Ne4 Nxe4 30. Kxe4 Nf4 31. Ke3 Rh2 32. Re1 Ng2+ 33. Kf2 Nxe1+ 34.
Kxe1 Ke8 35. Ra5 Kd7 36. Rxg5 Ra2 37. d5 exd5 38. cxd5 Rh8 39. Rh5 Rxh5 40.
gxh5 a5 0-1

[Event "29. Cullera 2012 - Open B"]
[Site "Cullera ESP"]
[Date "2012.08.30"]
[Round "8.7"]
[White "Martinez Gil, Joaquin"]
[Black "Perez Garcia, Jose Miguel"]
[Result "1/2-1/2"]
[WhiteElo "1989"]
[BlackElo "1967"]
[PlyCount "33"]
[EventDate "2012.08.25"]
[EventType "swiss"]
[EventRounds "9"]
[EventCountry "ESP"]
[Source "lmi"]
[SourceDate "2012.08.25"]

1. e4 c5 2. d4 cxd4 3. c3 Nf6 4. Bd3 Nc6 5. Nf3 d5 6. e5 Ne4 7. cxd4 Bg4 8. Qa4
e6 9. O-O Be7 10. Nbd2 Nxd2 11. Bxd2 Bxf3 12. gxf3 Qb6 13. Be3 O-O 14. Rad1
Rac8 15. Kh1 Qb4 16. Qxb4 Nxb4 17. Bb1 1/2-1/2

[Event "29. Cullera 2012 - Open B"]
[Site "Cullera ESP"]
[Date "2012.08.30"]
[Round "8.12"]
[White "Carrasco Fernandez, Manuel"]
[Black "Castillo Pla, Emilio"]
[Result "0-1"]
[WhiteElo "1853"]
[BlackElo "1913"]
[PlyCount "66"]
[EventDate "2012.08.25"]
[EventType "swiss"]
[EventRounds "9"]
[EventCountry "ESP"]
[Source "lmi"]
[SourceDate "2012.08.25"]

1. e4 g6 2. d4 Bg7 3. Nc3 d6 4. Be3 Nf6 5. Qd2 Ng4 6. Bg5 h6 7. Bh4 g5 8. Bg3
e5 9. f3 exd4 10. Nb5 Ne3 11. Ne2 Nc6 12. Nexd4 Nxd4 13. Nxd4 Bxd4 14. Bf2 Bxb2
15. Bb5+ c6 16. Rb1 Qf6 17. Rxb2 Nxg2+ 18. Kf1 Qxb2 19. Kxg2 O-O 20. Bc4 Qf6
21. h4 g4 22. f4 c5 23. h5 Be6 24. Be2 Bd7 25. Bd3 Bc6 26. Bh4 Qd4 27. Qe2 f5
28. Re1 Rae8 29. Bc4+ d5 30. Bd3 dxe4 31. Bc4+ Kh7 32. Bf2 e3+ 33. Kh2 exf2 0-1

[Event "29. Cullera 2012 - Open B"]
[Site "Cullera ESP"]
[Date "2012.08.30"]
[Round "8.13"]
[White "Padilla Mendez, Vicente"]
[Black "Goria Egidazu, Jon Axel"]
[Result "0-1"]
[WhiteElo "1842"]
[BlackElo "1908"]
[PlyCount "40"]
[EventDate "2012.08.25"]
[EventType "swiss"]
[EventRounds "9"]
[EventCountry "ESP"]
[Source "lmi"]
[SourceDate "2012.08.25"]

1. d4 Nf6 2. c4 e6 3. Nc3 Bb4 4. Qc2 Nc6 5. Nf3 d6 6. a3 Bxc3+ 7. Qxc3 O-O 8.
Bg5 h6 9. Bh4 e5 10. dxe5 Nxe5 11. Nxe5 dxe5 12. Qxe5 g5 13. Bg3 Re8 14. Rd1
Bd7 15. Qc3 Qe7 16. f3 a5 17. h4 g4 18. h5 Ra6 19. Bh4 Re6 20. Bxf6 Rxe2+ 0-1